| 000 | 00752nam a22002177a 4500 | ||
|---|---|---|---|
| 005 | 20260115101648.0 | ||
| 008 | 240402b ||||| |||| 00| 0 eng d | ||
| 020 | _a1855381338 | ||
| 040 | _cSSBUL | ||
| 041 | _aEnglish | ||
| 082 |
_a292.003 Kn _b22968 S-GAKTH |
||
| 100 | 1 |
_aKnappert, Jan. _938620 |
|
| 245 | 1 | 0 |
_aPacific mythology: _ban encyclopedia of myth and legend / _cJan Knappert. illustrated by Elizabeth Knappert. |
| 260 |
_aLondon: _bThe Aquarian Press, _c1992. |
||
| 300 |
_a336 pages; _billustrations; _c24 cm. |
||
| 500 | _aS-KN: Ashin Khemānanda | ||
| 500 | _aS-GAKTH: Gerry Abbot & Khin Thant Han's Collection | ||
| 504 | _6Includes bibliographical references. | ||
| 650 |
_aMythology _vEncyclopedias. _938621 |
||
| 942 |
_2ddc _cBK1 |
||
| 999 |
_c33066 _d33066 |
||